000 00741nam a22002297a 4500
005 20170124110104.0
010 _aA-386420
020 _c75.00
_a818541100
035 _aA-386420
037 _bCen Lib/Ret
040 _aDPL
_bEN
082 _a954.0841
_bDIW
100 _aDiwakar, R. R
_927741
245 _aMy encounter with Gandhi /
_cby R. R. Diwakar
260 _aNew Delhi
_bGandhi Peace Foundation
_c1989
270 _a221/ 223 Deen Dayal Upadhyaya Marg
_bNew Delhi
_e110002
300 _axii,82p.
_c21cm(Hb)
500 _aIncludes index
650 _aIndia -- Politics and government -- 1919-1947
_927742
650 _aGandhi, -- Mahatma, -- 1869-1948 -- Influence
_927743
942 _2ddc
_cEN
_h954.0841
_mDIW
999 _c129908
_d129908